000 01345nam a2200241Ia 4500
999 _c35842
_d35842
001 1733
003 GE_BSU
005 20221227152526.0
008 181216s2000||||ge |||||||||||||| ||geo||
020 _a9992882816
040 _cGE_BSU
041 _ageo
080 _a657(075.8) ძ–34
100 _aძაძამიამ, რევაზ
_916603
245 _aფინანსური აღრიცხვა. ბუღალტერული აღრივხვის საერთაშორისო სტანდარტების სტანდარტების მხედვით :
_bდამხმარე სიხელმძღვანელო /
_cრევაზ ძაძამია; რედ, ლავრენტი ჭუმბურიძე, მარინა გეთია.
264 _aთბილისი :
_bსამართლიანი საქართველო,
_c2000.
300 _a460 გვ.;
_b19 სმ.
653 _aბუღალტერული აღრიცხვა
653 _aფინანსური აღრიცხვა
700 _aჭუმბურიძე, ლავრენტი
_eრედაქტორი
_916604
700 _aგეთია, მარინა
_eრედაქტორი
_916605
942 _cBK
_2udc